[Event "Stay Safe Play From Home 262"]
[Site "Emanuel Lasker Arena"]
[Date "2020.06.29"]
[Round "6"]
[White "Bardellosport"]
[Black "Goofus3"]
[Result "1-0"]
[WhiteElo "1997"]
[BlackElo "1393"]
[Annotator "TA"]
[PlyCount "73"]
[EventDate "2020.06.29"]
[EventType "swiss (blitz)"]

{[%evp 9,73,-10,2,-23,10,-13,26,24,70,31,220,213,228,227,341,359,421,407,506,232,218,210,271,276,260,266,393,389,708,708,708,708,1029,756,1111,1083,1459,1283,1491,954,1318,1297,1975,1942,2443,1829,1784,1715,2047,2043,29988,29989,29991,29992,29993,29993,29994,29992,29994,29995,29995,29996,29998,29996,29996,29995]} 1. d4 d5 2. e3 Nf6 3. f4 g6 4. Nf3 Bg7 5. Bd3 O-O 6. Qe2 {[#] A03: Bird's Opening with 1...d5.} Ne4 $146 ({Predecessor:} 6... b6 7. O-O c5 8. c3 Nc6 9. Nbd2 e6 10. Ne5 Bb7 11. g4 Nd7 12. Nxd7 Qxd7 13. Nf3 f6 14. Nh4 e5 15. f5 g5 16. Ng2 cxd4 17. exd4 exd4 {0-1 (58) Dietzel,U (1708)-Getzuhn,D (1903) Berlin 2013}) 7. c3 Nf6 8. Nbd2 {White has an edge.} Ng4 9. O-O e5 $2 {[#]} (9... c5 $14) 10. dxe5 $18 ({Much less strong is} 10. Nxe5 $6 Nh6) 10... f6 {[%cal Rf6e5]} 11. h3 Nxe5 (11... fxe5 {was called for.} 12. hxg4 e4) 12. fxe5 fxe5 {Now ...e4 and Black clings on.} 13. e4 d4 14. c4 (14. Nb3 $142) 14... Na6 15. b3 Nb4 16. Ba3 Nxd3 17. Qxd3 c5 (17... Re8 $142 18. Rf2 a5) 18. Bxc5 Qc7 $2 {[#]} (18... Re8 19. Ba3 a5) 19. Bxf8 Bxf8 20. Ng5 Bb4 21. Ndf3 Bc3 22. Rac1 Qa5 23. Rc2 Qa3 24. Rfc1 Bg4 25. hxg4 h5 26. gxh5 gxh5 27. Qe2 Qe7 28. Qf2 Qg7 29. Qh4 Qc7 30. Qxh5 {White mates.} Qg7 31. Rf1 Ba5 32. Rcf2 Bd8 33. Qg4 Qc7 34. Ne6+ Kf7 35. Nxc7 Bxc7 36. Qf5+ Ke7 37. Ng5 {Black got outplayed after the opening. Accuracy: White = 57%, Black = 19%.} 1-0

[Event "Stay Safe Play From Home 262"]
[Site "Emanuel Lasker Arena"]
[Date "2020.06.29"]
[Round "6"]
[White "Haris kollari 13"]
[Black "BrainThinker22"]
[Result "0-1"]
[WhiteElo "1768"]
[BlackElo "2275"]
[Annotator "NA"]
[PlyCount "68"]
[EventDate "2020.06.29"]
[EventType "swiss (blitz)"]

1. e4 {[%emt 0:00:01]} c6 {[%emt 0:00:00]} 2. f4 {[%emt 0:00:01]} d5 {[%emt 0:00:00]} 3. e5 {[%emt 0:00:00]} Bf5 {[%emt 0:00:00]} 4. d4 {[%emt 0:00:01]} e6 {[%emt 0:00:00]} 5. Bd3 {[%emt 0:00:01]} Bxd3 {[%emt 0:00:00]} 6. Qxd3 {[%emt 0:00:01]} c5 {[%emt 0:00:00]} 7. c3 {[%emt 0:00:00]} Qb6 {[%emt 0:00:03]} 8. Nf3 {[%emt 0:00:01]} Nc6 {[%emt 0:00:00]} 9. Nbd2 {[%emt 0:00:01]} Rc8 {[%emt 0:00:01]} 10. O-O {[%emt 0:00:04]} cxd4 {[%emt 0:00:00]} 11. cxd4 {[%emt 0:00:01]} Nb4 {[%emt 0:00:01]} 12. Qe2 {[%emt 0:00:03]} Nc2 {[%emt 0:00:01]} 13. Rb1 {[%emt 0:00:01]} Nxd4 {[%emt 0:00:00]} 14. Nxd4 {[%emt 0:00:05]} Qxd4+ {[%emt 0:00:00]} 15. Kh1 {[%emt 0:00:01]} Bc5 {[%emt 0:00:01]} 16. Nf3 {[%emt 0:00:01]} Qe4 {[%emt 0:00:02]} 17. Qxe4 {[%emt 0:00:02]} dxe4 {[%emt 0:00:00]} 18. Ng5 {[%emt 0:00:02]} Ne7 {[%emt 0:00:01]} 19. Nxe4 {[%emt 0:00:02]} O-O {[%emt 0:00:00]} 20. Rd1 {[%emt 0:00:02]} Nd5 {[%emt 0:00:02]} 21. g3 {[%emt 0:00:03]} Bb6 {[%emt 0:00:01]} 22. Nd6 {[%emt 0:00:02]} Rc2 {[%emt 0:00:01]} 23. Bd2 {[%emt 0:00:02]} Bc5 {[%emt 0:00:02]} 24. Nxb7 {[%emt 0:00:02]} Be3 {[%emt 0:00:06]} 25. Bc3 {[%emt 0:00:05]} Rxc3 {[%emt 0:00:02]} 26. bxc3 {[%emt 0:00:01]} Nxc3 {[%emt 0:00:00]} 27. Re1 {[%emt 0:00:03]} Nxb1 {[%emt 0:00:01]} 28. Rxe3 {[%emt 0:00:03]} Rb8 {[%emt 0:00:01]} 29. Rb3 {[%emt 0:00:03]} Nd2 {[%emt 0:00:01]} 30. Rb2 {[%emt 0:00:02]} Nc4 {[%emt 0:00:01]} 31. Rb4 {[%emt 0:00:01]} Na5 {[%emt 0:00:02]} 32. a3 {[%emt 0:00:01]} Rxb7 {[%emt 0:00:01]} 33. Ra4 {[%emt 0:00:02]} Rb5 {[%emt 0:00:02]} 34. Kg2 {[%emt 0:00:02]} g6 {[%emt 0:00:00] Time (Lag: Av=0.46s, max=0.7s)} 0-1

[Event "Stay Safe Play From Home 262"]
[Site "Emanuel Lasker Arena"]
[Date "2020.06.29"]
[Round "6"]
[White "Edmatuag"]
[Black "SoulofWolf"]
[Result "0-1"]
[WhiteElo "1692"]
[BlackElo "2186"]
[Annotator "TA"]
[PlyCount "50"]
[EventDate "2020.06.29"]
[EventType "swiss (blitz)"]

{[%evp 9,50,8,13,12,47,-347,-339,-341,-325,-384,-267,-265,-256,-248,-239,-279,-262,-258,-267,-307,-308,-442,-427,-426,-404,-564,-570,-537,365,-395,-291,-362,-346,-450,-450,-437,-269,-366,-252,-245,-248,-232,-231]} 1. e4 d5 2. exd5 Nf6 3. Nc3 Nxd5 4. Nf3 g6 5. d4 Bg7 6. Bc4 {B02: Alekhine's Defence: Chase Variation and lines with early Nc3.} Be6 {[#]} 7. Bg5 $146 {[%mdl 8192] [#]} (7. Bb3 $14 {keeps the upper hand.}) ({Predecessor:} 7. Bb3 Nxc3 8. bxc3 Bxb3 9. axb3 c5 10. O-O Nc6 11. Ra4 cxd4 12. cxd4 b5 13. Ra6 Nxd4 14. Nxd4 Qxd4 {½-½ (69) Lis,M (2133)-Bartel,M (2273) Zamosc 2013}) 7... Nxc3 $19 8. Qd3 {Black has a decisive advantage.} Nd5 9. Qb3 Nb6 10. Bxe6 fxe6 11. Qxe6 Qd7 12. Qe4 O-O 13. O-O-O Nc6 {[%cal Bb8c6,Bc6d8,Bd8f7][%mdl 32]} 14. d5 Nd8 15. Ne5 (15. Rhe1 $142) 15... Bxe5 16. Qxe5 Nf7 17. Qg3 Nxg5 18. Qxg5 Rf4 $4 {[%mdl 8192] [#]} (18... Rxf2 $19 {avoids the disaster.} 19. Qg3 Raf8) 19. Rhe1 $4 {[%mdl 8192]} (19. Qxf4 $18 {is the narrow road to win. And now Rhe1 would win.} Rf8 20. Qe3) 19... Rf7 20. Qe3 Nxd5 21. f3 Nxe3 22. Rxd7 Nf5 23. Re6 Nd6 24. Rxc7 Re8 25. Rd7 {With the idea Rdxd6.} Kf8 {Accuracy: White = 21%, Black = 42%.} 0-1

[Event "Stay Safe Play From Home 262"]
[Site "Emanuel Lasker Arena"]
[Date "2020.06.29"]
[Round "6"]
[White "Klasman"]
[Black "Justwatch"]
[Result "0-1"]
[WhiteElo "1282"]
[BlackElo "1643"]
[Annotator "NA RC"]
[PlyCount "38"]
[EventDate "2020.06.29"]
[EventType "swiss (blitz)"]

1. f4 {[%emt 0:00:08]} Nf6 {[%emt 0:00:00]} 2. Nf3 {[%emt 0:00:02]} d5 {[%emt 0:00:02]} 3. e3 {[%emt 0:00:01]} Bg4 {[%emt 0:00:00]} 4. c4 {[%emt 0:00:03]} Bxf3 {[%emt 0:00:00]} 5. Qxf3 {[%emt 0:00:02]} e6 {[%emt 0:00:00]} 6. Nc3 {[%emt 0:00:02]} dxc4 {[%emt 0:00:01]} 7. Bxc4 {[%emt 0:00:02]} Nc6 {[%emt 0:00:00]} 8. O-O {[%emt 0:00:02]} Bd6 {[%emt 0:00:01]} 9. d4 {[%emt 0:00:02]} O-O {[%emt 0:00:02]} 10. f5 {[%emt 0:00:04]} Na5 {[%emt 0:00:02]} 11. Bd3 {[%emt 0:00:02]} exf5 {[%emt 0:00:01]} 12. Bxf5 {[%emt 0:00:02]} Nc4 {[%emt 0:00:01]} 13. Qh3 {[%emt 0:00:03]} g6 {[%emt 0:00:01]} 14. Bd3 {[%emt 0:00:05]} Nb6 {[%emt 0:00:04]} 15. e4 {[%emt 0:00:01]} Nh5 {[%emt 0:00:02]} 16. Bh6 {[%emt 0:00:08]} Bb4 {[%emt 0:00:00]} 17. Bxf8 {[%emt 0:00:04]} Qxd4+ {[%emt 0:00:02]} 18. Kh1 {[%emt 0:00:04]} Bxf8 {[%emt 0:00:00]} 19. Qf3 {[%emt 0:00:03]} Qg7 {[%emt 0:00:02] Time (Lag: Av=0.51s, max=0.7s)} 0-1

[Event "Stay Safe Play From Home 262"]
[Site "Emanuel Lasker Arena"]
[Date "2020.06.29"]
[Round "6"]
[White "Mandy"]
[Black "Trotsky"]
[Result "0-1"]
[WhiteElo "951"]
[BlackElo "1612"]
[Annotator "NA RC"]
[PlyCount "30"]
[EventDate "2020.06.29"]
[EventType "swiss (blitz)"]

1. d4 {[%emt 0:00:03]} d5 {[%emt 0:00:01]} 2. Bf4 {[%emt 0:00:01]} e6 {[%emt 0:00:00]} 3. e3 {[%emt 0:00:01]} c5 {[%emt 0:00:01]} 4. c3 {[%emt 0:00:02]} Nc6 {[%emt 0:00:01]} 5. Nd2 {[%emt 0:00:01]} c4 {[%emt 0:00:01]} 6. Ngf3 {[%emt 0:00:04]} Bd6 {[%emt 0:00:01]} 7. Bg3 {[%emt 0:00:03]} Qc7 {[%emt 0:00:01]} 8. Qc2 {[%emt 0:00:06]} Bd7 {[%emt 0:00:01]} 9. h3 {[%emt 0:00:03]} O-O-O {[%emt 0:00:01]} 10. Be2 {[%emt 0:00:03]} h5 {[%emt 0:00:01]} 11. Bh4 {[%emt 0:00:05]} f6 {[%emt 0:00:01]} 12. O-O {[%emt 0:00:04]} g5 {[%emt 0:00:01]} 13. Bg3 {[%emt 0:00:05]} Bxg3 {[%emt 0:00:01]} 14. fxg3 {[%emt 0:00:02]} Qxg3 {[%emt 0:00:01]} 15. e4 {[%emt 0:00:16]} Nh6 {[%emt 0:00:02] Zeit (Lag: Av=0.45s, max=1.7s)} 0-1

[Event "Stay Safe Play From Home 262"]
[Site "Emanuel Lasker Arena"]
[Date "2020.06.29"]
[Round "7"]
[White "Hetou"]
[Black "Mepe_Nika"]
[Result "1-0"]
[WhiteElo "2410"]
[BlackElo "2475"]
[Annotator "TA"]
[PlyCount "61"]
[EventDate "2020.06.29"]
[EventType "swiss (blitz)"]

{[%evp 16,61,16,9,32,17,37,36,42,48,37,37,37,30,60,45,53,43,81,77,85,50,70,50,59,57,45,30,49,25,100,100,100,0,100,100,100,100,113,118,120,116,140,166,220,228,1057,1043]} 1. e4 e5 2. Nf3 Nc6 3. Bb5 a6 4. Ba4 Nf6 5. O-O Be7 6. d3 b5 7. Bb3 O-O 8. a3 d6 9. Nc3 h6 {C77: Ruy Lopez: 3...a6 4 Ba4 Nf6, unusual lines.} 10. h3 Be6 11. Nd5 Na5 {White is slightly better.} 12. Nxf6+ Bxf6 13. Bxe6 fxe6 14. b4 {[#]} Nc6 $146 ({Predecessor:} 14... Nb7 15. c3 Qd7 16. Be3 d5 17. Re1 Rfe8 18. Qb3 Qc6 19. a4 a5 20. bxa5 bxa4 21. Rxa4 Nxa5 {0-1 (40) Pacher,M (2471)-Veres,A (2179) Slovakia 2015}) 15. c3 Ne7 16. Be3 c6 17. a4 Qd7 18. c4 d5 19. Qb3 Rfd8 20. Rfd1 Ng6 21. cxd5 exd5 22. Rac1 Nf4 (22... Qe6 $11 {keeps the balance.}) 23. Bxf4 $16 exf4 24. d4 (24. a5 $16) 24... Kh8 (24... bxa4 $11 25. Qxa4 dxe4) 25. e5 Be7 26. a5 Qe8 27. Ne1 Rac8 28. Nd3 f3 {[#]} 29. g3 $1 ({Don't take} 29. gxf3 $6 Qh5 $14) 29... Qf8 (29... g5 $142 30. Nc5 Bxc5) 30. Nf4 $18 {Strongly threatening Ng6+.} Bxb4 $2 (30... Qf5 31. Qd3 Qxd3 32. Nxd3 Kh7) 31. Ng6+ {[%mdl 64] Double Attack. Accuracy: White = 89%, Black = 62%.} 1-0

[Event "Stay Safe Play From Home 262"]
[Site "Emanuel Lasker Arena"]
[Date "2020.06.29"]
[Round "7"]
[White "Tolka"]
[Black "Klasman"]
[Result "1-0"]
[WhiteElo "2288"]
[BlackElo "1279"]
[Annotator "TA"]
[PlyCount "33"]
[EventDate "2020.06.29"]
[EventType "swiss (blitz)"]

{[%evp 9,32,60,75,-375,-366,-388,-381,-386,-343,-364,-320,-348,-302,-302,-236,-223,36,48,0,33,44,23,29998,29999,29999]} 1. e4 d6 2. d4 Nf6 3. Nc3 c6 4. f4 Qa5 5. Bd3 d5 {[#]} 6. Nf3 $146 {[%mdl 8192] [#] B07: Pirc Defence: Miscellaneous Systems.} (6. Bd2 $16) ({Predecessor:} 6. e5 Ne4 7. Bxe4 dxe4 8. Qe2 Na6 9. Qxe4 g6 10. Nf3 Bf5 11. Qe2 Nb4 12. O-O Bxc2 13. a3 Bf5 14. Be3 Nd5 15. Bd2 Nxc3 16. Bxc3 {½-½ (16) Pezelj,N (2426)-Markovic,M (2485) Novi Sad 2016}) 6... dxe4 $19 7. O-O exd3 8. Qxd3 {Black is winning.} e6 9. Ne5 Bd6 10. Bd2 Qc7 11. Rae1 Nd5 12. Ne4 Bxe5 $2 ({Black should try} 12... O-O $19 {White must now prevent ...b5.} 13. c4 Nb4) 13. fxe5 $14 {Strongly threatening Nd6+.} O-O $1 {[#]} 14. Nf6+ $1 {[%mdl 576] Discovered Attack} gxf6 15. Bh6 {White wants to mate with Qg3+.} f5 $2 {[%mdl 8192]} (15... Ne7 $11 16. Bxf8 f5) 16. Qg3+ Kh8 17. Qg7# {Accuracy: White = 59%, Black = 50%.} 1-0

[Event "Stay Safe Play From Home 262"]
[Site "Emanuel Lasker Arena"]
[Date "2020.06.29"]
[Round "7"]
[White "BrainThinker22"]
[Black "Uber_WING"]
[Result "0-1"]
[WhiteElo "2277"]
[BlackElo "2489"]
[Annotator "NA"]
[PlyCount "60"]
[EventDate "2020.06.29"]
[EventType "swiss (blitz)"]

1. e4 {[%emt 0:00:01]} d5 {[%emt 0:00:01]} 2. exd5 {[%emt 0:00:03]} Qxd5 {[%emt 0:00:00]} 3. Nf3 {[%emt 0:00:00]} Nf6 {[%emt 0:00:03]} 4. Be2 {[%emt 0:00:00]} Bg4 {[%emt 0:00:01]} 5. O-O {[%emt 0:00:00]} a6 {[%emt 0:00:01]} 6. h3 {[%emt 0:00:00]} Bh5 {[%emt 0:00:01]} 7. d4 {[%emt 0:00:00]} Nc6 {[%emt 0:00:01]} 8. c4 {[%emt 0:00:00]} Qd6 {[%emt 0:00:01]} 9. d5 {[%emt 0:00:00]} Bxf3 {[%emt 0:00:01]} 10. Bxf3 {[%emt 0:00:01]} Ne5 {[%emt 0:00:00]} 11. Be2 {[%emt 0:00:01]} O-O-O {[%emt 0:00:02]} 12. Nc3 {[%emt 0:00:00]} h5 {[%emt 0:00:01]} 13. Bf4 {[%emt 0:00:01]} Nf3+ {[%emt 0:00:02]} 14. Bxf3 {[%emt 0:00:02]} Qxf4 {[%emt 0:00:00]} 15. Qe2 {[%emt 0:00:01]} g5 {[%emt 0:00:03]} 16. Ne4 {[%emt 0:00:07]} g4 {[%emt 0:00:01]} 17. Nxf6 {[%emt 0:00:02]} exf6 {[%emt 0:00:00]} 18. Be4 {[%emt 0:00:04]} gxh3 {[%emt 0:00:02]} 19. g3 {[%emt 0:00:00]} Qe5 {[%emt 0:00:03]} 20. f4 {[%emt 0:00:09]} Qd4+ {[%emt 0:00:01]} 21. Kh2 {[%emt 0:00:00]} h4 {[%emt 0:00:00]} 22. g4 {[%emt 0:00:01]} Bd6 {[%emt 0:00:01]} 23. Rad1 {[%emt 0:00:03]} Qxc4 {[%emt 0:00:01]} 24. Qf3 {[%emt 0:00:01]} Rhe8 {[%emt 0:00:02]} 25. Rfe1 {[%emt 0:00:01]} Bc5 {[%emt 0:00:01]} 26. Bf5+ {[%emt 0:00:01]} Kb8 {[%emt 0:00:01]} 27. Qd3 {[%emt 0:00:04]} Qxd3 {[%emt 0:00:01]} 28. Bxd3 {[%emt 0:00:00]} Rxe1 {[%emt 0:00:01]} 29. Rxe1 {[%emt 0:00:00]} Bf2 {[%emt 0:00:00]} 30. Re8 {[%emt 0:00:00]} Bg3+ {[%emt 0:00:00] BrainThinker22 resigns (Lag: Av=1.16s, max=1.9s)} 0-1

[Event "Stay Safe Play From Home 262"]
[Site "Emanuel Lasker Arena"]
[Date "2020.06.29"]
[Round "7"]
[White "Lamborghini"]
[Black "Praveen prasad"]
[Result "0-1"]
[WhiteElo "2199"]
[BlackElo "2218"]
[Annotator "TA"]
[PlyCount "90"]
[EventDate "2020.06.29"]
[EventType "swiss (blitz)"]

{[%evp 9,89,47,54,26,52,21,121,118,120,101,109,-196,69,62,76,43,53,60,58,51,136,131,146,143,156,100,231,179,172,125,112,83,81,83,122,63,105,24,32,25,25,26,26,22,43,24,27,14,39,21,31,22,22,24,30,-987,-988,-1007,-1008,-987,-938,-1192,-1187,-1293,-1248,-29987,-29988,-29993,-29988,-29992,-29993,-29995,-29993,-29993,-29994,-29995,-29996,-29996,-29997,-29997,-29998,-29999]} 1. e4 d5 2. exd5 Qxd5 3. Nc3 Qd8 4. d4 Nf6 5. Nf3 c6 6. Ne5 {B01: Scandinavian Defence.} Bf5 7. g4 Be4 (7... Be6 $11 {remains equal.}) 8. Nxe4 $16 {White is better.} Nxe4 9. Qf3 {[%csl Ge5][%cal Rf3f7] [#]} Nd6 10. Bc4 $2 {[%mdl 8192]} (10. c3 $16) 10... e6 $2 ({Black should try} 10... f6 $19 11. Be6 fxe5) 11. Bb3 $40 {[%mdl 128] White is up to no good.} Nd7 {[#]} 12. Bf4 $146 ({Predecessor:} 12. Bd2 Qf6 13. Qe2 O-O-O 14. O-O-O g6 15. h4 h6 16. Rh3 h5 17. g5 Qg7 18. Ba5 {1-0 (25) Sadzikowski,D (2309)-Sycz,D (1962) Suchedniow 2010}) 12... Nxe5 13. Bxe5 Qa5+ 14. c3 Qc7 (14... Qb5 $14) 15. O-O-O $16 O-O-O 16. h4 Qd7 17. Kb1 (17. c4 $142) 17... Nb5 (17... Ne8 $16) 18. g5 Nc7 19. Bc2 h6 20. Rhg1 hxg5 21. hxg5 Rg8 22. Bg3 (22. Bh7 $16 Rh8 23. Bc2) 22... g6 23. Qf4 (23. Rh1 $16) 23... Bd6 $11 24. Qxd6 Qxd6 25. Bxd6 Rxd6 26. Rh1 Rg7 27. Rh8+ Rd8 28. Rdh1 Kd7 29. Be4 Ne8 30. Kc2 Nd6 31. Bd3 Rgg8 32. f4 $2 {[%mdl 8192]} (32. R8h7 $11) 32... Rxh8 $19 33. Re1 Rh2+ 34. Kc1 Rf2 35. b4 Rh8 36. a4 Rhh2 37. a5 Ra2 {Black mates.} 38. f5 gxf5 39. Bb1 {[#]} Ra1 $1 40. g6 fxg6 41. d5 Nc4 42. dxe6+ Ke7 43. Rd1 Na3 {[%csl Ga3][%cal Ra1b1]} 44. Rd7+ Kxe6 {[%csl Ga3][%cal Ra1b1]} 45. Rd2 Rxb1# {What a bad dream for White. Accuracy: White = 50%, Black = 49%.} 0-1

[Event "Stay Safe Play From Home 262"]
[Site "Emanuel Lasker Arena"]
[Date "2020.06.29"]
[Round "7"]
[White "SoulofWolf"]
[Black "Bardellosport"]
[Result "0-1"]
[WhiteElo "2188"]
[BlackElo "1998"]
[Annotator "TA"]
[PlyCount "54"]
[EventDate "2020.06.29"]
[EventType "swiss (blitz)"]

{[%evp 9,54,-23,-14,-23,-13,-23,-38,-21,-8,0,0,-48,492,-6,58,27,25,0,12,10,77,40,132,143,223,247,268,-266,-266,-370,629,-248,1075,-272,-237,-237,-239,-191,-169,-277,-172,-241,-215,-29991,-29992,-29996,-1104]} 1. c4 d6 2. Nc3 g6 3. f4 Bg7 4. Nf3 {[#]} Nd7 $146 ({Predecessor:} 4... e5 5. fxe5 dxe5 6. e3 Nc6 7. Be2 f5 8. d3 Nf6 9. O-O O-O 10. a3 a5 {1-0 (37) Pasztor,L (1817)-Hotak,M (2055) Banska Bystrica 2017}) 5. e3 e5 6. fxe5 {A10: English Opening: Unusual Replies for Black.} dxe5 7. Be2 Ne7 8. O-O {Black is slightly better.} O-O 9. d4 exd4 10. Nxd4 f5 $2 {[%mdl 8192]} (10... Nc6 $15 {keeps the upper hand.}) 11. b3 $2 ({White must play} 11. Ne6 $18 Qe8 12. Nxc7 {[%mdl 64] Double Attack}) 11... c6 (11... Ne5 $11) 12. Bb2 {Ne6 is the strong threat.} Ne5 13. Qc2 Qc7 14. Rad1 g5 (14... Bd7 $11) 15. g3 g4 ({Better is} 15... N5g6 $14) 16. e4 $16 fxe4 (16... Bd7 $16 17. Nxf5 (17. exf5 Qc8 $16) 17... Nxf5 18. exf5 Rae8) 17. Nxe4 $18 Nf5 {[#]} 18. Nc5 $4 {[%mdl 8192] [#]} (18. Ng5 $1 $18 Nf3+ 19. Ndxf3 gxf3 20. Rxf3) 18... Ne3 $1 $19 {[%cal Re3c2]} 19. Rxf8+ Kxf8 $4 {[%mdl 8192]} (19... Bxf8 $19 20. Nce6 Bxe6 21. Nxe6 Qe7) 20. Rf1+ $4 {[%mdl 8192]} (20. Nde6+ $18 Kf7 21. Nxc7 Nxc2 22. Nxa8) 20... Nxf1 $4 {[%mdl 8192]} ({And not} 20... Nf3+ 21. Bxf3 Nxc2 22. Nce6+ Kg8 23. Nxc7 $14) (20... Kg8 $19 21. Nde6 Bxe6 22. Nxe6 Qe7) 21. Bxf1 $4 {[%mdl 8192]} (21. Nce6+ $18 {avoids the disaster.} Bxe6 22. Nxe6+ Kg8 23. Nxc7) 21... Qf7 22. Bc3 Nf3+ 23. Nxf3 gxf3 24. Kf2 (24. Bxg7+ $142 Qxg7 25. Qe4) 24... Bf5 25. Qd2 (25. Bd3 $142 Bg4 26. Qc1) 25... Re8 26. Qe1 $2 (26. Bxg7+ $19 Kxg7 27. Qd4+ Kg8 28. g4) 26... Rxe1 27. Bxe1 Bd4+ {[%mdl 64] Double Attack. Accuracy: White = 28%, Black = 44%.} 0-1

[Event "Stay Safe Play From Home 262"]
[Site "Emanuel Lasker Arena"]
[Date "2020.06.29"]
[Round "7"]
[White "Lazieri3"]
[Black "Kubas"]
[Result "0-1"]
[WhiteElo "2094"]
[BlackElo "2358"]
[Annotator "TA"]
[PlyCount "106"]
[EventDate "2020.06.29"]
[EventType "swiss (blitz)"]

{[%evp 10,106,7,-15,-4,-18,-15,-22,-14,-17,-20,-43,-39,-40,-43,-113,-31,-43,-42,-92,-110,-86,-95,-200,-210,-418,-147,-147,-142,-141,-144,-145,-133,-133,-132,-136,-129,-143,-143,-200,-200,-199,-168,-206,-194,-202,-187,-242,-230,-233,-228,-233,-170,-201,-134,-175,-161,-167,-162,-247,-242,-222,-220,-210,-197,-186,-172,-498,-255,-258,-237,-423,-423,-474,-447,-770,-727,-569,-688,-1039,-2570,-3214,-2353,-1265,-181,-520,-523,-2457,-1599,-12808,-6574,-12829,-12821,-12844,-9884,-2415,-2056,-872,-747]} 1. e4 e6 2. Nc3 d5 3. exd5 exd5 4. d4 c6 5. Nf3 Bd6 6. Be3 Ne7 {C01: French: Exchange Variation.} 7. Be2 Bf5 8. O-O Nd7 {The position is equal.} 9. Bd3 O-O 10. Bxf5 Nxf5 {[#]} 11. Re1 $146 ({Predecessor:} 11. Qd2 Re8 12. Qd3 Ne7 13. Ng5 Ng6 14. Rfe1 Nf6 15. Bd2 Qd7 16. Re2 Rxe2 17. Qxe2 {0-1 (66) Strathoff,M-Kanevski,V Bergneustadt 2000}) 11... Re8 12. h3 (12. Qd3 $15 Nxe3 13. fxe3) 12... Qf6 (12... Nxe3 $17 13. Rxe3 Rxe3 14. fxe3 Qe7) 13. Qd3 h6 14. Ne2 Nxe3 15. fxe3 Re7 16. c3 (16. Nc3 $17) 16... Rae8 $19 17. Nf4 $2 {[#]} (17. Qd2) 17... Bxf4 $2 (17... g5 $19 {is more deadly.} 18. g3 gxf4 19. exf4 Rxe1+ 20. Rxe1 Rxe1+ 21. Nxe1 Qe6) 18. exf4 $17 Qxf4 19. Rxe7 Rxe7 20. Rf1 Qe3+ 21. Qxe3 Rxe3 {[%mdl 4096] Endgame KRN-KRN} 22. Kf2 Re6 23. b3 Nf6 24. c4 (24. Nd2 $17 {is a better defense.}) 24... Ne4+ $19 25. Kg1 Ng3 26. Rd1 f6 27. cxd5 cxd5 28. Kf2 (28. Kh2 {was called for.} Nf5 29. Rd2) 28... Ne4+ 29. Kg1 Nc3 30. Rd2 Kf7 31. Kf1 Ke7 32. Ne1 Kd7 33. Nd3 {[#] And now Nc5+ would win.} b6 34. Nb4 (34. Rc2 $142 Nd1 35. Rd2 Ne3+ 36. Kf2) 34... a5 35. Nd3 Ne4 36. Rc2 Rc6 37. Rxc6 Kxc6 {KN-KN} 38. a4 $2 (38. Ke1) 38... g5 (38... Nd2+ $142 39. Ke2 Nxb3) 39. Ke2 b5 40. axb5+ $2 (40. Ke3) 40... Kxb5 41. Kd1 h5 42. g4 (42. Kc2 $142 Ng3 43. Nc5) 42... h4 43. Kc2 a4 44. bxa4+ Kxa4 45. Kd1 Kb3 46. Ke2 Kc2 $2 (46... Kc3 47. Ke3 Nd2) 47. Ke3 $2 (47. Nb4+ {nothing else works.} Kc3 48. Nxd5+ Kxd4 49. Nc7) 47... Kc3 {Black is clearly winning.} 48. Ne1 Nd6 49. Nf3 Nc4+ 50. Kf2 Kd3 51. Kg2 Ke4 52. Kf2 Nd6 53. Ke2 Nb5 {Accuracy: White = 34%, Black = 72%.} 0-1